تارِیخ اسِلام (Record no. 14997)

MARC details
000 -LEADER
fixed length control field 00405nam a2200145Ia 4500
008 - FIXED-LENGTH DATA ELEMENTS--GENERAL INFORMATION
fixed length control field 230312s9999||||xx |||||||||||||| ||und||
020 ## - INTERNATIONAL STANDARD BOOK NUMBER
International Standard Book Number 969421047-x
082 ## - DEWEY DECIMAL CLASSIFICATION NUMBER
Classification number 891.4
Item number AKB-T
100 ## - MAIN ENTRY--PERSONAL NAME
Personal name مولانا اکبر شاہ خاں نجیب آبادی
245 #0 - TITLE STATEMENT
Title تارِیخ اسِلام
260 ## - PUBLICATION, DISTRIBUTION, ETC.
Name of publisher, distributor, etc. نفیس اکیڈمی لاھور
Place of publication, distribution, etc. pak
Date of publication, distribution, etc. 1955
300 ## - PHYSICAL DESCRIPTION
Extent 600
650 ## - SUBJECT ADDED ENTRY--TOPICAL TERM
Topical term or geographic name entry element Literature
942 ## - ADDED ENTRY ELEMENTS (KOHA)
Koha item type BOOK
Holdings
Withdrawn status Lost status Source of classification or shelving scheme Damaged status Not for loan Home library Current library Date acquired Total Checkouts Full call number Barcode Date last seen Price effective from Koha item type
    Dewey Decimal Classification     Superior Information Resource Center (SIRC) Superior University- Main Campus Superior Information Resource Center (SIRC) Superior University- Main Campus 03/13/2023   891.4 AKB-T 15140 03/13/2023 03/13/2023 BOOK

Powered by Koha